<?xml version='1.0' encoding='UTF-8'?>
  <record xmlns="http://www.loc.gov/MARC21/slim">
    <leader>00000cam a22000007i 4500</leader>
    <controlfield tag="001">ocm68802987</controlfield>
    <controlfield tag="003">OCoLC</controlfield>
    <controlfield tag="005">20260109195354.2</controlfield>
    <controlfield tag="008">990804s1499    fr            001 0 lat d</controlfield>
    <datafield tag="040" ind1=" " ind2=" ">
      <subfield code="a">EYM</subfield>
      <subfield code="b">eng</subfield>
      <subfield code="e">rda</subfield>
      <subfield code="e">dcrmr</subfield>
      <subfield code="c">EYM</subfield>
      <subfield code="d">OCLCG</subfield>
      <subfield code="d">OCLCA</subfield>
      <subfield code="d">OCLCQ</subfield>
      <subfield code="d">OCLCO</subfield>
      <subfield code="d">OCLCA</subfield>
      <subfield code="d">OCLCF</subfield>
      <subfield code="d">OCLCA</subfield>
      <subfield code="d">OCLCO</subfield>
      <subfield code="d">OCLCL</subfield>
      <subfield code="d">QGJ</subfield>
      <subfield code="d">OCLCO</subfield>
      <subfield code="d">QGJ</subfield>
      <subfield code="d">OCLCO</subfield>
      <subfield code="d">QGJ</subfield>
      <subfield code="d">OCLCO</subfield>
      <subfield code="d">QGJ</subfield>
      <subfield code="d">OCLCO</subfield>
    </datafield>
    <datafield tag="035" ind1=" " ind2=" ">
      <subfield code="a">(OCoLC)68802987</subfield>
    </datafield>
    <datafield tag="100" ind1="0" ind2=" ">
      <subfield code="a">Augustine,</subfield>
      <subfield code="c">of Hippo, Saint,</subfield>
      <subfield code="d">354-430,</subfield>
      <subfield code="e">author.</subfield>
      <subfield code="4">aut</subfield>
      <subfield code="1">https://id.oclc.org/worldcat/entity/E39PBJmDhMY9wQ8PqWFFxJfDv3</subfield>
    </datafield>
    <datafield tag="240" ind1="1" ind2="0">
      <subfield code="a">Works.</subfield>
      <subfield code="k">Selections.</subfield>
      <subfield code="l">Latin.</subfield>
      <subfield code="f">1499</subfield>
    </datafield>
    <datafield tag="245" ind1="1" ind2="0">
      <subfield code="a">Diui Augustini in sacras Pauli epistolas noua et hactenus absco[n]dita interpretatio: /</subfield>
      <subfield code="c">per Venerabile[m] Beda[m] ex innumeris illius codicibus mira industria su[m]moq[ue] labore collecta. vbi quid primu[m] a[m]mirari debeas no[n] facile indicabis: diuinu[m] ne interpretis i[n]geniu[m]: aut singulare[m] Bede in excerpe[n]do pariter [et] [com]pinge[n]do sollertia[m]. Vtcu[m]q[ue] sit Abissalem ibi co[m]peries eruditionem. Porro i[n]terpretationi p[re]fate: septe[m] aureas Chrisostomi omelias sapie[n]ter addere curaueru[n]t impressores: quibus clarissimas Pauli laudes dotes et preconia paruo labore sed no[n] mediocri fructu facile deprehe[n]det Lector studiosus.</subfield>
    </datafield>
    <datafield tag="246" ind1="3" ind2=" ">
      <subfield code="a">Divi Augustini in sacras Pauli epistolas nova et hactenus absco[n]dita interpretatio</subfield>
    </datafield>
    <datafield tag="246" ind1="1" ind2=" ">
      <subfield code="i">Title according to ISTC and IDL:</subfield>
      <subfield code="a">Expositio in omnes Pauli epistolas</subfield>
    </datafield>
    <datafield tag="264" ind1=" " ind2="1">
      <subfield code="a">Parrhisijs :</subfield>
      <subfield code="b">opera [et] i[m]pe[n]sa Vdalrici Gering &amp; magistri Bertholdi Re[m]bolt,</subfield>
      <subfield code="c">Anno incarnationis d[omi]nice. Mcccc.xcix. Die vero. xxviij. Noue[m]bris. [28 Nov. 1499]</subfield>
    </datafield>
    <datafield tag="300" ind1=" " ind2=" ">
      <subfield code="a">[14], CCXXXV, [1] leaves ;</subfield>
      <subfield code="c">36 cm (folio)</subfield>
    </datafield>
    <datafield tag="336" ind1=" " ind2=" ">
      <subfield code="a">text</subfield>
      <subfield code="b">txt</subfield>
      <subfield code="2">rdacontent</subfield>
    </datafield>
    <datafield tag="337" ind1=" " ind2=" ">
      <subfield code="a">unmediated</subfield>
      <subfield code="b">n</subfield>
      <subfield code="2">rdamedia</subfield>
    </datafield>
    <datafield tag="338" ind1=" " ind2=" ">
      <subfield code="a">volume</subfield>
      <subfield code="b">nc</subfield>
      <subfield code="2">rdacarrier</subfield>
    </datafield>
    <datafield tag="340" ind1=" " ind2=" ">
      <subfield code="m">folio</subfield>
      <subfield code="2">rdabf</subfield>
    </datafield>
    <datafield tag="340" ind1=" " ind2=" ">
      <subfield code="k">2 columns</subfield>
    </datafield>
    <datafield tag="500" ind1=" " ind2=" ">
      <subfield code="a">Title from title page.</subfield>
    </datafield>
    <datafield tag="500" ind1=" " ind2=" ">
      <subfield code="a">Publication statement from colophon (leaf ccxxvii recto (F3 recto), which reads: Habes lector optime: in om[n]es diui Pauli apostoli et gentium doctoris precipui epistolas: sa[n]tissimas diui patris Augustini: ecclesie catholice doctoris excelle[n]tissimi nec minus sancti expositione[m]: a venerabili Beda presbitero viro nunq[uam] satis laudato: in more[m] studiosissime apis ex fragrantissimis diui Aurelij floribus collecta[m]: et a co[m]pluribus studiosis viris recognita[m]. Reliquum est vt optimi maximi dei donu[m] ta[m] salutiferu[m] ab his tribus viris ta[m]q[uam] charitatibus exhibitu[m]: grata manu: gratoq[ue] a[n]i[m]o suspicias: ijsq[ue] q[ui] in tot exe[m]pla tra[n]sfuderu[n]t gratia[m] pro  meritis referas. Impressu[m] est aute[m] presens opus ad o[mn]ipotentis dei gloria[m]: &amp; fideliu[m] salutare[m] eruditionem opera [et] i[m]pe[n]sa Vdalrici Gering: &amp; magistri Bertholdi Re[m]bolt socioru[m]: Parrhisijs i[n] sole aureo vici Sorbonici. Anno incarnationis d[omi]nice. Mcccc.xcix. Die vero. xxviij. Noue[m]bris.</subfield>
    </datafield>
    <datafield tag="500" ind1=" " ind2=" ">
      <subfield code="a">Printer's device of Berthold Rembolt on title page (woodcut).</subfield>
    </datafield>
    <datafield tag="500" ind1=" " ind2=" ">
      <subfield code="a">Text printed in two columns.</subfield>
    </datafield>
    <datafield tag="500" ind1=" " ind2=" ">
      <subfield code="a">Printed marginalia.</subfield>
    </datafield>
    <datafield tag="500" ind1=" " ind2=" ">
      <subfield code="a">Printed capitals of which many historiated.</subfield>
    </datafield>
    <datafield tag="500" ind1=" " ind2=" ">
      <subfield code="a">Edited by Petrus Securibilus. Cf. Catalogue of books printed in the XVth century now in the British Museum.</subfield>
    </datafield>
    <datafield tag="500" ind1=" " ind2=" ">
      <subfield code="a">The attribution in Gaufridus Boussard's preface to the Venerable Bede is erroneous; this compilation is attributable to Florus Lugdunensis, cf Dictionnaire d'histoire et de géographie ecclésiastique, t.17 col. 648-54 (cf Goff and Hillard). (From ISTC).</subfield>
    </datafield>
    <datafield tag="500" ind1=" " ind2=" ">
      <subfield code="a">Signatures: AA⁶ BB⁸ a-z⁸ A-F⁸ G⁴.</subfield>
    </datafield>
    <datafield tag="500" ind1=" " ind2=" ">
      <subfield code="a">Includes index.</subfield>
    </datafield>
    <datafield tag="510" ind1="4" ind2=" ">
      <subfield code="a">Incunabula short title catalogue,</subfield>
      <subfield code="c">ia01277000</subfield>
      <subfield code="u">https://data.cerl.org/istc/ia01277000?style=_default</subfield>
    </datafield>
    <datafield tag="510" ind1="4" ind2=" ">
      <subfield code="a">Gesamtkatalog der Wiegendrucke,</subfield>
      <subfield code="c">M29866</subfield>
      <subfield code="u">https://www.gesamtkatalogderwiegendrucke.de/docs/M29866.htm</subfield>
    </datafield>
    <datafield tag="510" ind1="4" ind2=" ">
      <subfield code="a">Incunabula in Dutch libraries,</subfield>
      <subfield code="c">521</subfield>
    </datafield>
    <datafield tag="510" ind1="4" ind2=" ">
      <subfield code="a">Bayerische Staatsbibliothek Inkunabelkatalog,</subfield>
      <subfield code="c">A-889.050</subfield>
      <subfield code="u">https://inkunabeln.digitale-sammlungen.de/Ausgabe_A-889.050.html</subfield>
    </datafield>
    <datafield tag="510" ind1="4" ind2=" ">
      <subfield code="a">Goff, F.R. Incunabula in American libraries,</subfield>
      <subfield code="c">A-1277</subfield>
    </datafield>
    <datafield tag="510" ind1="4" ind2=" ">
      <subfield code="a">Copinger, W.A. Supplement to Hain’s Repertorium bibliographicum.</subfield>
      <subfield code="c">198</subfield>
    </datafield>
    <datafield tag="510" ind1="4" ind2=" ">
      <subfield code="a">Catalogue of books printed in the XVth century now in the British Museum,</subfield>
      <subfield code="c">VIII, 31</subfield>
    </datafield>
    <datafield tag="510" ind1="4" ind2=" ">
      <subfield code="a">Polain, M.-L. Catalogue des livres imprimés au quinzième siècle des bibliothèques de Belgique,</subfield>
      <subfield code="c">385</subfield>
    </datafield>
    <datafield tag="510" ind1="4" ind2=" ">
      <subfield code="a">Pellechet, M. Catalogue général des incunables des bibliothèques publiques de France,</subfield>
      <subfield code="c">1496</subfield>
    </datafield>
    <datafield tag="500" ind1=" " ind2=" ">
      <subfield code="a">The Homilies of St. John Chrysostom in praise of St. Paul are added at the end.</subfield>
    </datafield>
    <datafield tag="505" ind1="0" ind2=" ">
      <subfield code="a">Ad Romanos -- Ad Corinthios Epistola Prima -- Ad Corinthios Ep[istu]la ij. -- Ad Galatas -- Ad Ephesios -- Ad Philippenses -- Ad Colossenses -- Ad Thessalonicenses Ep[istu]la i -- Ad Thessalonicenses Ep[istu]la ij -- Ad Timotheum Ep[istu]la i -- Ad Timotheum Ep[istu]la ij -- Ad Thitum -- Ad Hebreos -- Joa[n]nes Chrisostom[us] de laudib[us] b[ea]ti Pauli.</subfield>
    </datafield>
    <datafield tag="630" ind1="0" ind2="0">
      <subfield code="a">Bible.</subfield>
      <subfield code="p">Epistles of Paul</subfield>
      <subfield code="v">Commentaries.</subfield>
    </datafield>
    <datafield tag="650" ind1=" " ind2="0">
      <subfield code="a">Incunabula</subfield>
      <subfield code="v">Specimens.</subfield>
    </datafield>
    <datafield tag="650" ind1=" " ind2="6">
      <subfield code="a">Incunables</subfield>
      <subfield code="v">Spécimens.</subfield>
    </datafield>
    <datafield tag="630" ind1="0" ind2="7">
      <subfield code="a">Bible.</subfield>
      <subfield code="p">Epistles of Paul</subfield>
      <subfield code="2">fast</subfield>
    </datafield>
    <datafield tag="650" ind1=" " ind2="7">
      <subfield code="a">Incunabula</subfield>
      <subfield code="2">fast</subfield>
    </datafield>
    <datafield tag="655" ind1=" " ind2="7">
      <subfield code="a">Commentaries</subfield>
      <subfield code="2">fast</subfield>
    </datafield>
    <datafield tag="655" ind1=" " ind2="7">
      <subfield code="a">Specimens</subfield>
      <subfield code="2">fast</subfield>
    </datafield>
    <datafield tag="700" ind1="0" ind2=" ">
      <subfield code="a">Bede,</subfield>
      <subfield code="c">the Venerable, Saint,</subfield>
      <subfield code="d">673-735,</subfield>
      <subfield code="e">compiler,</subfield>
      <subfield code="e">attributed name.</subfield>
      <subfield code="4">com</subfield>
      <subfield code="4">att</subfield>
      <subfield code="1">https://id.oclc.org/worldcat/entity/E39PBJtCxBgGbrq33XDjFJJCcP</subfield>
    </datafield>
    <datafield tag="700" ind1="0" ind2=" ">
      <subfield code="a">Florus,</subfield>
      <subfield code="c">of Lyons,</subfield>
      <subfield code="d">-860,</subfield>
      <subfield code="e">compiler.</subfield>
      <subfield code="4">com</subfield>
    </datafield>
    <datafield tag="700" ind1="0" ind2=" ">
      <subfield code="a">John Chrysostom,</subfield>
      <subfield code="c">Saint,</subfield>
      <subfield code="d">-407.</subfield>
      <subfield code="1">https://id.oclc.org/worldcat/entity/E39PBJwMBVcVHrxfw9hVthqqQq</subfield>
    </datafield>
    <datafield tag="700" ind1="0" ind2="2">
      <subfield code="i">Container of (expression):</subfield>
      <subfield code="a">John Chrysostom,</subfield>
      <subfield code="c">Saint,</subfield>
      <subfield code="d">-407.</subfield>
      <subfield code="t">De laudibus Pauli.</subfield>
      <subfield code="l">Latin.</subfield>
      <subfield code="f">1499.</subfield>
    </datafield>
    <datafield tag="700" ind1="1" ind2=" ">
      <subfield code="a">Boussard, Geoffroy,</subfield>
      <subfield code="d">1439-1522?</subfield>
      <subfield code="e">author of introduction, etc.</subfield>
      <subfield code="4">aui</subfield>
      <subfield code="1">https://id.oclc.org/worldcat/entity/E39PBJvRYfWDRWRB8G4D6wWkXd</subfield>
    </datafield>
    <datafield tag="700" ind1="1" ind2=" ">
      <subfield code="a">Gering, Ulrich,</subfield>
      <subfield code="d">-1510,</subfield>
      <subfield code="e">printer.</subfield>
      <subfield code="4">prt</subfield>
      <subfield code="1">https://id.oclc.org/worldcat/entity/E39PBJkMJjC9vRd9b7ftThy68C</subfield>
    </datafield>
    <datafield tag="700" ind1="1" ind2=" ">
      <subfield code="a">Rembolt, Berthold,</subfield>
      <subfield code="d">-1518,</subfield>
      <subfield code="e">printer.</subfield>
      <subfield code="4">prt</subfield>
      <subfield code="1">https://id.oclc.org/worldcat/entity/E39PBJgd7WdkvK3g6YvbB6TWDq</subfield>
    </datafield>
    <datafield tag="758" ind1=" " ind2=" ">
      <subfield code="i">has work:</subfield>
      <subfield code="a">Expositio in omnes Pauli epistolas (Text)</subfield>
      <subfield code="1">https://id.oclc.org/worldcat/entity/E39PCFMGR4gxFVrgYKdvjYFc8C</subfield>
      <subfield code="4">https://id.oclc.org/worldcat/ontology/hasWork</subfield>
    </datafield>
    <datafield tag="752" ind1=" " ind2=" ">
      <subfield code="a">France</subfield>
      <subfield code="d">Paris,</subfield>
      <subfield code="e">publication place.</subfield>
      <subfield code="4">pup</subfield>
    </datafield>
  </record>